Slovenský jazyk pre 2. ročník stredných škôl s vyučovacím jazykom maďarským

Bibliographic Details
Main Author: Répássyová, Elena (Author)
Other Authors: Žitňanová, Tatiana, 1956- (Illustrator), Kostroň, Ivan, 1951- (Photographer)
Format: Book
Language:Slovak
PhysicalDescription:126 strán fotografie (prevažne farebné), ilustrácie 30 cm 1 CD
Published: Bratislava Slovenské pedagogické nakladateľstvo 2018
ISBN:9788010032532
Edition:Tretie vydanie
Subjects:

MARC

LEADER 00000cam a2200000 a 4500
001 vtls011774066
003 SK-MaSNL
005 20260301183542.0
008 200205s2018 xo oa d np 000 0 slo
015 |a SNBA2018/10 
020 |a 9788010032532  |q (brožované) 
035 |a urn:nbn:sk:snk-am00d6ji 
035 |a urn:nbn:sk:snk-am3hrco 
035 |a EB9A7A61-D951-4CBF-AE9C-0F3E840E5B87 
040 |a SNK  |b slo  |c SNK  |e rda 
041 0 |a slo 
044 |a xo  |c SK 
072 7 |a 811.162.4  |x Slovenčina  |2 konspekt 
080 |a 811.162.4  |2 2011 
080 |a (075.3)  |2 2011 
100 1 |a Répássyová, Elena  |4 aut  |9 243306 
245 1 0 |a Slovenský jazyk  |b pre 2. ročník stredných škôl s vyučovacím jazykom maďarským  |c Elena Répássyová ; illustrations Táňa Žitňanová ; foto: Ivan Kostroň 
246 3 4 |a Slovenský jazyk 2 
250 |a Tretie vydanie 
260 |a Bratislava  |b Slovenské pedagogické nakladateľstvo  |c 2018 
300 |a 126 strán  |b fotografie (prevažne farebné), ilustrácie  |c 30 cm  |e 1 CD 
336 |a text  |b txt  |2 rdacontent 
336 |a hovorené slovo  |b spw  |2 rdacontent 
337 |a bez média  |b n  |2 rdamedia 
337 |a audio  |b s  |2 rdamedia 
338 |a zväzok  |b nc  |2 rdacarrier 
338 |a audiodisk  |b sd  |2 rdacarrier 
504 |a Bibliografia na strane 126 
650 0 7 |a slovenčina  |2 SNKPH  |9 1350 
650 0 7 |a Slovak language  |2 SVKPHeng  |9 266031 
655 7 |a učebnice stredných škôl  |2 SNKPH  |9 69323 
655 7 |a Secondary school textbooks  |2 SNKPHeng  |9 135487 
700 1 |a Žitňanová, Tatiana,  |d 1956-  |4 ill  |9 86022 
700 1 |a Kostroň, Ivan,  |d 1951-  |4 pht  |9 92934 
852 |a Štátna vedecká knižnica v Banskej Bystrici 
919 |a 978-80-10-03253-2 
958 |a NB 
999 |c 857461  |d 859391 
952 |a SNK  |b SNK  |y PREZ  |7 0  |p 17A1336554  |o snkSB 93116/príl.  |i snk2018/19280  |8 0  |z CD príloha  |0 0  |1 0  |4 0  |d 2018-09-27  |f 2  |l 0  |r 2025-05-14 00:00:00  |w 2026-02-24 
952 |a SNK  |b SNK  |y PREZ  |7 0  |p 17A1336556  |o snkSB 93116/príl. D1  |i snk2018/19281  |8 0  |z CD príloha  |0 0  |1 0  |4 0  |d 2018-09-27  |l 0  |r 2026-02-24 05:01:32  |w 2026-02-24 
952 |a SNK  |b SNK  |y VYP  |7 0  |p 17A1336553  |o snkSB 93116  |i snk2018/19280  |8 0  |0 0  |1 0  |4 0  |d 2018-09-24  |f 1  |l 0  |r 2025-05-14 00:00:00  |w 2026-02-24 
952 |a SNK  |b SNK  |y VYP  |7 0  |p 17A1336555  |o snkSB 93116 D1  |i snk2018/19281  |8 0  |0 0  |1 0  |4 0  |d 2018-09-24  |l 0  |r 2026-02-24 05:01:32  |w 2026-02-24